Financial management : MBA II sem. (Record no. 183060)

MARC details
000 -LEADER
fixed length control field 00447nam a2200169Ia 4500
005 - DATE AND TIME OF LATEST TRANSACTION
control field 20250212142635.0
008 - FIXED-LENGTH DATA ELEMENTS--GENERAL INFORMATION
fixed length control field 231217s9999 xx 000 0 und d
020 ## - INTERNATIONAL STANDARD BOOK NUMBER
International Standard Book Number 9788127249595
082 ## - DEWEY DECIMAL CLASSIFICATION NUMBER
Classification number 658.1 GUP3;6
100 ## - MAIN ENTRY--PERSONAL NAME
Personal name Gupta, Shashi K. Gupta, Neeti.
245 #0 - TITLE STATEMENT
Title Financial management : MBA II sem.
250 ## - EDITION STATEMENT
Edition statement 2nd ed.
260 ## - PUBLICATION, DISTRIBUTION, ETC. (IMPRINT)
Date of publication, distribution, etc. 2009
Name of publisher, distributor, etc. Kalyani
Place of publication, distribution, etc. Bangalore
300 ## - PHYSICAL DESCRIPTION
Extent 14.47
650 ## - SUBJECT ADDED ENTRY--TOPICAL TERM
Topical term or geographic name as entry element Financial,management,MBA,II
942 ## - ADDED ENTRY ELEMENTS (KOHA)
Koha item type Books
Holdings
Date last seen Total Checkouts Full call number Accession number Old discount Cost, replacement price Price effective from Category Lost status Damaged status Department Withdrawn status bill no. bill date Permanent Location Current Location Shelving location Entry date Vendor Cost, normal purchase price Grants Currency symbol Conversion rate Discount Discount type Date checked out Public note
26/01/2024   658.1 GUP3;6 54105 10 202.50 26/01/2024 Books     Central Library   0910/06 21/11/2012 Central Library Central Library Central Library 24/04/2009 Surya Infotainment Products Pvt. Ltd. 225.00 MBA RS 1 22.5 Rupees    
18/07/2024 1 658.1 GUP3;7 54106 10 202.50 26/01/2024 Books     Central Library   0910/06 21/11/2012 Central Library Central Library Central Library 24/04/2009 Surya Infotainment Products Pvt. Ltd. 225.00 MBA RS 1 22.5 Rupees 10/07/2024  
26/01/2024   658.1 GUP3;8 54107 10 202.50 26/01/2024 Books     MBA   0910/06 21/11/2012 Central Library Central Library MBA 24/04/2009 Surya Infotainment Products Pvt. Ltd. 225.00 MBA RS 1 22.5 Rupees   MISSING
26/01/2024   658.1 GUP3;9 54108 10 202.50 26/01/2024 Books     MBA   0910/06 21/11/2012 Central Library Central Library MBA 24/04/2009 Surya Infotainment Products Pvt. Ltd. 225.00 MBA RS 1 22.5 Rupees    
12/06/2026 1 658.1 GUP3;10 54109 10 202.50 26/01/2024 Books     Central Library   0910/06 21/11/2012 Central Library Lending Library Central Library 24/04/2009 Surya Infotainment Products Pvt. Ltd. 225.00 MBA RS 1 22.5 Rupees 04/06/2026 repl/2021/mba/pes1201902218

© For any Suggestions or Query, please contact the library staff @ librarian@pes.edu or Phone: +9180 2672 1983/ 2108.